000 00954nam a2200289 i 4500
001 bg
003 KOSZ 005
005 20200630132821.0
008 071116s1967 pl a f f 000 0 pol
015 _aPB 1967/2740
040 _aWA N
_cKOSZ 005/RW
_dKOSZ 005/RW
080 _a621.01
080 _a(075.8)
100 1 _aKorewa, Witold
_d(1899-1976).
_eAutor
245 1 0 _aCzęści maszyn.
_nCz. 1 /
_cWitold Korewa.
250 _aWyd. 7.
260 _aWarszawa :
_bPaństwowe Wydawnictwo Naukowe,
_c1967.
300 _a258 s. :
_bil. ;
_c24 cm.
380 _aKsiążki
504 _aBibliogr. s. 256.
521 8 _aSkrypt dla wyższych szkół technicznych.
650 4 _aMaszyny
_xbudowa i konstrukcje.
655 4 _aPodręczniki akademickie
710 2 _aPaństwowe Wydawnictwo Naukowe
_4pbl.
856 _uhttp://koha.tu.koszalin.pl/cgi-bin/koha/opac-detail.pl?biblionumber=10899
_yKatalog online BPK
942 _2UKD
_cKS
999 _c10899
_d10899